| 000 | 01055cad a22002055a 4500 | ||
|---|---|---|---|
| 001 | E149897 | ||
| 008 | 100512s2010 xxk f 000 0 eng d | ||
| 035 | _a(Sirsi) u149897 | ||
| 041 | 0 | _aeng | |
| 110 | 2 |
_aBuilding Control Alliance _95309 |
|
| 245 | 0 | 0 |
_aInitial notice protocol _h[electronic resource] |
| 260 |
_a[S.l.] _bBCA _c2010 |
||
| 520 | _aAn Initial Notice Protocol document which should be read in addition to the requirements of The Building Act 1984 and The Building (Approved Inspectors etc.) Regulations 2000. The content is best practice and Local Authority Building Control and The Association of Consultant Approved Inspectors are encouraging their members to adopt the protocol as essential policy. | ||
| 521 | _aAdvanced | ||
| 590 | _aKA NTK | ||
| 651 | 4 |
_aEngland and Wales _y1543- |
|
| 690 |
_aBuilding regulations _96224 |
||
| 856 | 4 | 0 |
_uhttps://www.ciob.org.uk/sites/ciob.org.uk/files/WEB-INF/files/documents/BCAINProtocolMarch2010.pdf _zView the Protocol free of charge (PDF file) at www.approvedinspectors.org.uk |
| 942 | _n0 | ||
| 999 |
_c110673 _d110673 |
||